Les pays fêtent Noël en images - Statistiques

Statistiques générales
  • Ce quiz a été pris 62 fois
  • Le résultat moyen est 6 sur 16
Statistiques - réponses
Par images Hint Réponse % Correct
Bûche de Noël France
96%
Piñata Mexique
86%
Panettone Italie
82%
Pudding de Noël Royaume-Uni
77%
Sauna de Noël Finlande
48%
Noël à la plage de Bondi Australie
39%
Loterie de Noël Espagne
38%
KFC Japon
36%
Pain perdu / Rabanadas Brésil / Portugal
32%
Pierogi Pologne
30%
Calendrier de l'Avent Allemagne
21%
Sainte-Lucie Suède
16%
Village de Noël miniature États-Unis
13%
Lutins de Noël Islande
2%
Genna Éthiopie
0%
Parol Philippines
0%
Aucun quiz correspondant
Distribution des résultats
% des personnes avec chaque résultat
Percentile par nombre de réponses
Votre historique - résultats
Vous n’avez pas pris ce quiz